Southville International School and Colleges
Your cart is empty.
  • Cart
  • Lists
    Public lists Eva Luna New books Lux_list list_1
    Your lists Log in to create your own lists
  • Log in to your account
  • Your cookies
  • Search history
Southville International School and Colleges
  • Advanced search
  • Recent comments
  • Most popular
  • Libraries

Log in to your account

Log in with GOOGLE


If you do not have an external account, but do have a local account, you can still log in:

  1. Home
  2. MARC view: Mathematics higher level topic 10 - options :
Normal view MARC view ISBD view

Mathematics higher level topic 10 - options : (Record no. 344405)

[ view plain ]
MARC details
000 -LEADER
fixed length control field 01823nam a22002777a 4500
003 - CONTROL NUMBER IDENTIFIER
control field SISC
005 - DATE AND TIME OF LATEST TRANSACTION
control field 20170921124205.0
008 - FIXED-LENGTH DATA ELEMENTS--GENERAL INFORMATION
fixed length control field 170921b xxu||||| |||| 00| 0 eng d
020 ## - INTERNATIONAL STANDARD BOOK NUMBER
International Standard Book Number 9781107666948
050 ## - LIBRARY OF CONGRESS CALL NUMBER
Classification number QA 76.9
Item number .M384 2013
245 ## - TITLE STATEMENT
Title Mathematics higher level topic 10 - options :
Remainder of title discrete mathematics for the IB diploma /
Statement of responsibility, etc Paul Fannon [and 3 others]
260 ## - PUBLICATION, DISTRIBUTION, ETC. (IMPRINT)
Place of publication, distribution, etc Cambridge :
Name of publisher, distributor, etc Cambridge University Press,
Date of publication, distribution, etc c2013.
300 ## - PHYSICAL DESCRIPTION
Extent viii, 179 pages :
Other physical details illustrations (some color) ;
Dimensions 30 cm.
440 ## - SERIES STATEMENT/ADDED ENTRY--TITLE
Title Mathematics higher level for the IB diploma
504 ## - BIBLIOGRAPHY, ETC. NOTE
Bibliography, etc Includes index.
520 ## - SUMMARY, ETC.
Summary, etc For students studying either the mathematics higher level course or further mathematics, this book covers all the material in the Discrete Mathematics option (option number 10) in print. This highly illustrated book is based on the new group 5 aims forms part of the completely new Mathematics for the IB Diploma series, Cambridge's comprehensive coverage of IB diploma mathematics for then 2012 SL and HL courses. Features include: a sections of mixed examination questions; plenty of worked examples; questions colour-coded according to grade; exam-style questions; feature boxes of hints and tips. Written to specifically cover the new IB Higher Level option in Discrete Mathematics, it is a fantastic guide to the material in this option, no matter which book is being used to cover the core material. (Source: WorldCat)
650 ## - SUBJECT ADDED ENTRY--TOPICAL TERM
Source of heading or term Library of Congress Subject Headings
Topical term or geographic name as entry element Mathematics
650 ## - SUBJECT ADDED ENTRY--TOPICAL TERM
Source of heading or term Library of Congress Subject Headings
Topical term or geographic name as entry element Computer science
General subdivision Mathematics
650 ## - SUBJECT ADDED ENTRY--TOPICAL TERM
Source of heading or term Library of Congress Subject Headings
Topical term or geographic name as entry element Discrete mathematics
700 ## - ADDED ENTRY--PERSONAL NAME
Personal name Fannon, Paul
700 ## - ADDED ENTRY--PERSONAL NAME
Personal name Kadelburg, Vesna
700 ## - ADDED ENTRY--PERSONAL NAME
Personal name Woolley, Ben
700 ## - ADDED ENTRY--PERSONAL NAME
Personal name Ward, Stephen
942 ## - ADDED ENTRY ELEMENTS (KOHA)
Source of classification or shelving scheme Library of Congress Classification
Koha item type Books
Holdings
Withdrawn status Lost status Source of classification or shelving scheme Damaged status Home library Current library Shelving location Date acquired Source of acquisition Sub Shelving location Total Checkouts Full call number Barcode Date last seen Price effective from Koha item type
    Library of Congress Classification   Luxembourg Library Luxembourg Library International Baccalaureate Section 09/21/2017 Library Fund     QA 76.9 .M384 2013 IB0255 09/21/2017 09/21/2017 Books

Mathematics higher level topic 10 - options :

APA

Fannon P., Kadelburg V., Woolley B. & Ward S. (2013). Mathematics higher level topic 10 - options. Cambridge: Cambridge University Press.

Chicago

Fannon Paul, Kadelburg Vesna, Woolley Ben and Ward Stephen. 2013. Mathematics higher level topic 10 - options. Cambridge: Cambridge University Press.

Harvard

Fannon P., Kadelburg V., Woolley B. and Ward S. (2013). Mathematics higher level topic 10 - options. Cambridge: Cambridge University Press.

MLA

Fannon Paul, Kadelburg Vesna, Woolley Ben and Ward Stephen. Mathematics higher level topic 10 - options. Cambridge: Cambridge University Press. 2013.

  • Place hold
  • Print
  • Cite
  • Add to your cart (remove)
  • Save record
    BIBTEX Dublin Core MARCXML MARC (non-Unicode/MARC-8) MARC (Unicode/UTF-8) MARC (Unicode/UTF-8, Standard) MODS (XML) RIS
  • More searches
    Search for this title in:
    Other Libraries (WorldCat) Other Databases (Google Scholar) Online Stores (Bookfinder.com) Open Library (openlibrary.org)

Exporting to Dublin Core...

SOUTHVILLE LIBRARY

Southville International School and Colleges Library

1281 Tropical Ave. Cor. Luxembourg St., BF Homes International, Las Pinas City

Tel. No. 8256374 / 252358 Loc. 117/146

Powered by Koha